<?xml version="1.0" encoding="UTF-8"?>
<marc:record xmlns:marc="http://www.loc.gov/MARC21/slim">
   <marc:leader>00000nam a2200000 a 4500</marc:leader>
   <marc:datafield ind1="1" ind2=" " tag="100">
      <marc:subfield code="a">Hennig, Tessa</marc:subfield>
      <marc:subfield code="4">aut</marc:subfield>
      <marc:subfield code="e">Verfasser/-in</marc:subfield>
   </marc:datafield>
   <marc:datafield ind1="0" ind2="0" tag="245">
      <marc:subfield code="a">Lisa geht zum Teufel</marc:subfield>
   </marc:datafield>
   <marc:datafield ind1="0" ind2="0" tag="245">
      <marc:subfield code="c">Tessa Hennig</marc:subfield>
   </marc:datafield>
   <marc:datafield ind1=" " ind2="1" tag="264">
      <marc:subfield code="a">Berlin</marc:subfield>
      <marc:subfield code="b">List</marc:subfield>
      <marc:subfield code="c">2013</marc:subfield>
   </marc:datafield>
   <marc:datafield ind1="1" ind2=" " tag="520">
      <marc:subfield code="a">Angaben aus der Verlagsmeldung

Lisa geht zum Teufel / von Tessa Hennig

Lisa macht seit Jahren Urlaub in Marbella. Nur dieses Mal ist alles anders: Ihr Stiefsohn macht ihr das Wohnrecht in der Villa ihre Exmannes streitig. Als sie sich weigert auszuziehen, quartiert er den obdachlosen Rafael und die ehemalige Prostituierte Delia dort ein. Stampfende Flamencoschritte mitten in der Nacht und ein Heer streunender Katzen sollen Lisa das Leben zur Hölle machen. Ein häuslicher Kleinkrieg entbrennt, bei dem deutscher Perfektionismus auf spanische Lockerheit trifft. Doch dann stellt Lisa überrascht fest, dass aus Feinden Freunde werden können. Und wer solche Freunde hat, kann es sogar mit einem Teufel von Exmann aufnehmen …
</marc:subfield>
   </marc:datafield>
   <marc:datafield ind1=" " ind2=" " tag="020">
      <marc:subfield code="a">9783548611501</marc:subfield>
      <marc:subfield code="9">9783548611501</marc:subfield>
   </marc:datafield>
   <marc:datafield ind1=" " ind2=" " tag="020">
      <marc:subfield code="a">3548611508</marc:subfield>
      <marc:subfield code="9">3548611508</marc:subfield>
   </marc:datafield>
   <marc:datafield ind1=" " ind2=" " tag="041">
      <marc:subfield code="a">ger</marc:subfield>
   </marc:datafield>
   <marc:datafield ind1=" " ind2=" " tag="300">
      <marc:subfield code="a">361 S.</marc:subfield>
   </marc:datafield>
</marc:record>
